000 00313nam a22001337a 4500
008 170310b xxu||||| |||| 00| 0 eng d
020 _a9780387356648
041 _aeng
080 _213TH
_a616-002.77
100 _a7
101 _aSHM
245 _aPRIMER ON THE RHEUMATIC DISEASE
_cKLIPPEL, J.H
942 _2udc
_cBK
999 _c7467
_d7467